01309nam a2200277 a 450000100100000000500170001000800410002702000240006802000240009204000250011608200150014110000450015624501530020126000530035430000320040749000100043950400280044959000260047770000430050383000170054695201220056395201080068595201130079395201080090699900170101400004705220201002053323.0180412s2015 dr ac 000 0 spa d a9789945595161 (v.1) a9789945595059 (v.2) aDO-SdBNPbspacBNPHU axxxxbxxxx1 aVásquez Güichardo, Julia Mery97486910aCiencias de la naturaleza 2 :bsegundo grado, primer ciclo educación primaria /cJulia Mery Vásquez Güichardo, Andrea Griselda Rincón Ozuna. aSanto Domingo :bActualidad Escolar 2000,c2015. av. :bil., retrs. ;c22 cm.1 aVeraz aBibliografía : p. 168 aInventariado, 2018/LP1 aRincón Ozuna, Andrea Griselda974870 0aVeraz974848 001054708PDaGRbGRcHDd2018-04-12iLF1l0ov.1, e. 3p47052-30r2020-06-25w2020-06-25yLFPDZPréstamo en sala 0010718PDaPDbPDcHDd2018-04-12iLF1l0ov. 1p47052-10r2020-06-25w2020-06-25yLFPDZNo se presta 0010718PDaPDbPDcHDd2018-04-12iLF1l0ov.1, e. 2p47052-20r2020-06-25w2020-06-25yLFPDZNo se presta 0010718PDaPDbPDcHDd2018-12-12iLF1l0ov. 2p47052-40r2020-06-25w2020-06-25yLFPDZNo se presta c46540d46540